Obras de San Agustín en edición bilingüe publicados bajo la dirección [de] Félix García. (Record no. 183273)

MARC details
000 -LEADER
campo de control de longitud fija 01234nam a2200289 i 4500
001 - NÚMERO DE CONTROL
campo de control 183273
003 - IDENTIFICADOR DE NÚMERO DE CONTROL
campo de control ES-MaACL
005 - FECHA Y HORA DE LA ÚLTIMA TRANSACCIÓN
campo de control 20250808062832.0
008 - DATOS DE LONGITUD FIJA--INFORMACIÓN GENERAL
campo de control de longitud fija 140205s1946 sp |||| | spa d
080 ## - NÚMERO DE LA CLASIFICACIÓN DECIMAL UNIVERSAL
Número de la Clasificación Decimal Universal 081 Agustín, Santo
100 0# - ENTRADA PRINCIPAL--NOMBRE DE PERSONA
Nombre de persona Agustín
Títulos y otros términos asociados al nombre Santo, Obispo de Hipona.
9 (RLIN) 125563
245 10 - MENCIÓN DEL TÍTULO
Título Obras de San Agustín en edición bilingüe publicados bajo la dirección [de] Félix García.
Número de parte o sección de la obra T.I /
Mención de responsabilidad, etc. preparado por Victoriano García.
250 ## - MENCION DE EDICION
Mención de edición Ed. bilingüe.
260 ## - PUBLICACIÓN, DISTRIBUCIÓN, ETC.
Lugar de publicación, distribución, etc. Madrid :
Nombre del editor, distribuidor, etc. [La Editorial Católica],
Fecha de publicación, distribución, etc. 1946.
300 ## - DESCRIPCIÓN FÍSICA
Extensión XVI, 782 p. ;
Dimensiones 20 cm.
490 1# - MENCIÓN DE SERIE
Mención de serie Biblioteca de autores cristianos
490 1# - MENCIÓN DE SERIE
Mención de serie B.A.C. Sección VI, Filosofía
504 ## - NOTA DE BIBLIOGRAFÍA, ETC.
Nota de bibliografía, etc. Bibliografía: p. [277]-327. Índices.
505 8# - NOTA DE CONTENIDO CON FORMATO
Nota de contenido con formato Contiene: Introducción general, Bibliografía, Vida de San Agustín, escrita por San Posidio, Introducción a los diálogos, "Los soliloquios", El libro "De la vida feliz" y los libros "Del orden"
546 ## - NOTA DE IDIOMA
Nota de lengua/lenguaje Texto en latín y traducción en castellano.
700 1# - ENTRADA AGREGADA--NOMBRE PERSONAL
Nombre de persona Capanaga, Victorino.
9 (RLIN) 34776
830 00 - PUNTO DE ACCESO ADICIONAL DE SERIE-TÍTULO UNIFORME
Título uniforme Biblioteca de autores cristianos
9 (RLIN) 178679
830 0# - PUNTO DE ACCESO ADICIONAL DE SERIE-TÍTULO UNIFORME
Título uniforme B.A.C. Sección VI, Filosofía
9 (RLIN) 191901
852 ## - LOCALIZACIÓN
Ubicación ES-MaACL
Número de control de estantería E-4190
Holdings
Estatus retirado Estado de pérdida Estado de daño No para préstamo Biblioteca de origen Biblioteca actual Ubicación en estantería Fecha de adquisición Fuente de adquisición Total de préstamos Signatura topográfica completa Código de barras Visto por última vez Precio de reemplazo Tipo de ítem Koha
        Biblioteca del Ateneo de Madrid Biblioteca del Ateneo de Madrid Depósito 2 05/02/2014     E-4190 1192619 23/02/2023 23/02/2023 Libro impreso